Loading...
| Beliefs | 1 | 4 | 0 | 1 | 55 | 64 | 97.00 | 3 | 3 | 11.79 | 32.73 |
| Literature - American | 3 | 1 | 0 | 0 | 55 | 34 | 72.50 | 1 | 3 | 22.76 | 26.67 |
| Social Science | 2 | 2 | 1 | 0 | 45 | 51 | 71.00 | 0 | 3 | 12.56 | 17.14 |
| Philosophy | 3 | 1 | 2 | 0 | 45 | 54 | 72.00 | 3 | 3 | 21.33 | 40.00 |
| Literature - World | 0 | 4 | 0 | 1 | 40 | 65 | 89.50 | 0 | 2 | 17.67 | 20.00 |
| Literature - British | 2 | 1 | 1 | 0 | 35 | 49 | 81.67 | 1 | 3 | 15.81 | 17.50 |
| Literature - European | 1 | 1 | 0 | 1 | 25 | 33 | 68.50 | 1 | 1 | 13.06 | 15.00 |
| Auditory Arts | 0 | 1 | 0 | 0 | 10 | 112 | 112.00 | 0 | 0 | 2.98 | 2.50 |
| History - Ancient | 0 | 1 | 0 | 0 | 10 | 78 | 78.00 | 0 | 1 | 9.77 | 15.00 |
| History - World | 0 | 1 | 1 | 0 | 5 | 126 | 126.00 | 1 | 1 | 0.42 | 11.11 |
| Other Academic | 0 | 0 | 1 | 0 | -5 | 0.00 | 0 | 0 | 0.00 | 0.00 |